Garrapiñadas 1º ciclo egb : guía para el docente /
Guardado en:
| Autor Principal: | |
|---|---|
| Formato: | Libro |
| Publicado: |
Buenos Aires :
A-z
|
| Materias: | |
| Etiquetas: |
Agregar Etiqueta
Sin Etiquetas, Sea el primero en etiquetar este registro!
|
| LEADER | 00926nam a22002535a 4500 | ||
|---|---|---|---|
| 001 | CEM.cems012595 | ||
| 005 | 20070823183745.0 | ||
| 008 | 130507b######################000#0#####d | ||
| 003 | CEMS | ||
| 020 | |a 950534628X | ||
| 082 | 0 | 4 | |a SG372.24 |
| 100 | 1 | |a Lizzi, Silvia | |
| 245 | 1 | 0 | |a Garrapiñadas 1º ciclo egb : |b guía para el docente / |c Lizzi, Silvia |
| 260 | |a Buenos Aires : |b A-z | ||
| 300 | |a 78 p. | ||
| 505 | 0 | |a Lengua / Silvia Lizzi -- Matemática / Conrado Vasches ; Andrea Fernández -- Ciencias sociales / Mónica Jousset ; Zunilda Abdelnur -- Ciencias naturales / Gabriela Israel | |
| 653 | |a Educación | ||
| 653 | |a Educación primaria | ||
| 653 | |a Biblioteca maría de los angeles saggio | ||
| 653 | |a Lengua-1º egb | ||
| 653 | |a Matemática 1º egb | ||
| 653 | |a Ciencias sociales 1º egb | ||
| 653 | |a Ciencias naturales 1º egb | ||
| 859 | |a CEMS |b BIB. CEMS - 11 de abril |h SG372.24 |i G191 |p 23712.07 |t Ej.1 |v 1º |3 1º | ||
